| 000 | 00754nam a2200229 a 4500 | ||
|---|---|---|---|
| 001 | BRL_461 | ||
| 005 | 20190320210742.0 | ||
| 008 | 160813s1935----mx-a######---#000-0#spa-# | ||
| 041 | _aspa | ||
| 044 | _amx | ||
| 050 | 4 |
_aPOS465 _b.P35 1935 |
|
| 100 | 1 |
_aPalacios, Enrique Juan _912635 |
|
| 245 | 1 | 0 |
_aGuía arqueológica de Chichen Itza _baspectos arquitectónicos, cronológicos y de interpretación _cEnrique Juan Palacios. |
| 260 |
_aMéxico _bTalleres Gráficos de la Nación _c1935 |
||
| 300 |
_a159 p. _bil. _c17 cm. _e1 mapa de Chichen Itza |
||
| 500 | _aAu462 | ||
| 500 | _aRuptura de recubrimiento en el lomo. | ||
| 650 | 1 | 4 |
_aArqueología _98098 |
| 653 | 0 | _aArqueología,chichén itzá, zona arqueológica | |
| 902 | _aGRL | ||
| 942 |
_2lcc _cB |
||
| 999 |
_c9273 _d9273 |
||